Words With Letter Sequence "rtm" - Statistics

General Stats
  • This quiz has been taken 11 times
  • The average score is 3 of 7
Answer Stats
Hint Answer % Correct
Known as a "flat" in the UK. Apartment
91%
People might store their car's insurance in the glove ___________. Compartment
73%
Retail stores might have a men's, women's, or kid's __________. Department
64%
A miscellaneous collection of things. Assortment
36%
A word blending the sounds and combining the meanings of two others. Portmanteau
27%
Can describe either the way a person walks, or their overall manners and behavior. Deportment
9%
The shame you feel when your inadequacy or guilt is made public. Disconcertment
0%
No matching quizzes found
Score Distribution
Percent of People with Each Score
Percentile by Number Answered
Your Score History
You have not taken this quiz